| 000 | 00376nam a2200133Ia 4500 | ||
|---|---|---|---|
| 008 | 230917s9999||||xx |||||||||||||| ||und|| | ||
| 040 |
_e30643 _aMAIN |
||
| 041 | _aEnglish | ||
| 082 | _a362.292 P346A | ||
| 100 | _aPeer, Mohammed | ||
| 245 | 0 | _aAlcohalism and the family: A study of De-addiction programme | |
| 260 |
_aMangalore _bPrajna counselling centre _c1996 |
||
| 942 | _cBK | ||
| 999 |
_c80695 _d80695 |
||